Countries without A, or E in their name. - Statistics

General Stats
  • This quiz has been taken 48 times
    19 since last reset
  • The average score is 5 of 8
Answer Stats
Answer % Correct
fiji
93%
kosovo
64%
comoros
57%
togo
57%
burundi
50%
djibouti
50%
morocco
50%
cyprus
43%
No matching quizzes found
Score Distribution
Percent of People with Each Score
Percentile by Number Answered
Your Score History
You have not taken this quiz since the last reset